Report of the second central wage board for the cotton textile Industry (Record no. 495952)

000 -LEADER
fixed length control field 00452cam a22001097a 4500
008 - FIXED-LENGTH DATA ELEMENTS--GENERAL INFORMATION
fixed length control field 180718b xxu||||| |||| 00| 0 eng d
082 ## - DEWEY DECIMAL CLASSIFICATION NUMBER
Classification number R22x5 4 In2t/2
245 ## - TITLE STATEMENT
Title Report of the second central wage board for the cotton textile Industry
Statement of responsibility, etc. by Ministry of Labour, Employment and Rehabilitation
260 ## - PUBLICATION, DISTRIBUTION, ETC.
Place of publication, distribution, etc. Delhi
Name of publisher, distributor, etc. Government of India
Date of publication, distribution, etc.
300 ## - PHYSICAL DESCRIPTION
Extent 189p P Content : Library has 1968, 1969
700 ## - ADDED ENTRY--PERSONAL NAME
Personal name India. Ministry of Labour, Employment and Rehabilitation
Holdings
Withdrawn status Lost status Damaged status Not for loan Permanent Location Current Location Date acquired Full call number Barcode Date last seen Price effective from Koha item type
        Indian Institute of Public Administration Indian Institute of Public Administration 2018-08-04 R22x5 4 In2t/2 G10444 2018-08-04 2018-08-04 G
        Indian Institute of Public Administration Indian Institute of Public Administration 2018-08-04 R22x5 4 In2t/2 G9876 2018-08-04 2018-08-04 G
        Indian Institute of Public Administration Indian Institute of Public Administration 2018-08-04 R22x5 4 In2t/2 GG9871 2018-08-04 2018-08-04 GG

Powered by Koha